Регионална библиотека "Любен Каравелов" - Русе

Чудото на задните дворове (Запис номер 332614)

MARC детайли
000 -Лидер
Контролно поле с фиксирана дължина nam a22 7a 4500
003 - Код на организацията, давaща контролен номер
Контролно поле BLK
005 - Дата и час на последна редакция
Контролно поле 20191202134651.0
008 - Елементи от данни с фиксирана дължина
fixed length control field 190710b bu ||||| |||| 00| 0 bu d
020 ## - Международен стандартен номер на книга ISBN
Международен стандартен номер на книга ISBN 9789543206254
040 ## - Източник на каталожния запис
Идентификатор на билиотеката - собственик на записа BLK
041 ## - Код за език
Код за езика на текст/звукозапис или на отделно заглавие Български
Код за езика КДБФ Български
080 ## - УДК
Текстов определител УДК Българска литература(изследвания)
УДК код - определител по УДК 821.163.2.09
УДК - код + определител 821.163.2.09
100 ## - Редна дума - Автор
R(LIN) 241942
Автор Кунчев, Божидар Богомилов
Авторска отговорност състав.
139 ## - Редно поле
Редна дума Чудото на задните дворове
Авторски знак Дак - Д 14
245 ## - Сведения за заглавието
Заглавие Чудото на задните дворове
Подзаглавни данни Книга за Атанас Далчев
Редно поле (дума) сътав. Божидар Кунчев
260 ## - Област на издателските данни
9 (RLIN) 209565
Място на издаване, разпространение и проч. София
Име на издателя, разпространителя и проч. Рива
Година на издаване 2018
650 #7 - Допълнително описание по предмет – тема
9 (RLIN) 152763
Основно описание – тема или топоним Далчев, Атанас Христов
653 #7 - Ключова дума – ненормативна
9 (RLIN) 189980
Ключова дума литературни анализи
653 #7 - Ключова дума – ненормативна
9 (RLIN) 189974
Ключова дума литературна критика
653 #7 - Ключова дума – ненормативна
9 (RLIN) 182707
Ключова дума български поети
852 ## - Местоположение
Фондова буква Заемна - подръчен фонд
Систематично-азбучна сигнатура П 886.7(09)/Д 14
999 ## - СИСТЕМНИ КОНТРОЛНИ НОМЕРА
Koha biblionumber 332614
Koha biblioitemnumber 332614
942 ## - АРТИКУЛИ
Скрит в OPAC Не
Вид на библиотечния материал Книги
Koha issues (borrowed), all copies 7
Периодичен библиозапис Да
999 ## - СИСТЕМНИ КОНТРОЛНИ НОМЕРА
Koha biblioitemnumber 332614
Наличности
Код за отписване Код за изгубен артикул Източник на класификационната схема Код за повреда Код за отдаване Артикулен № Име на библиотеката - собственик Име на библиотеката, в която се намира в момента Статус (Текущо местоположение) Дата на вписване в системата Местоположение - отдел Цена в лева Систематично азбучна сигнатура Баркод Цена в евро Служебен тип на артикула Коз за рестрикции
  Не е изгубен Universal Decimal Classification Не е повреден заемане за дома 729731 Регионална библиотека "Любен Каравелов" Русе Регионална библиотека "Любен Каравелов" Русе Заемна - подръчен фонд 2019-07-10 Заемна - подръчен фонд 12.00 П 821.163.2.09(092)/Д 14 120000833623 6.14 Книги  
  Не е изгубен Universal Decimal Classification Не е повреден заемане за дома 749954 Регионална библиотека "Любен Каравелов" Русе Регионална библиотека "Любен Каравелов" Русе Заемна - подръчен фонд 2019-11-26 Заемна - подръчен фонд 11.20 П 821.163.2.09(092)/Д 14 120000838122 5.73 Книги без рестрикции
  Не е изгубен Universal Decimal Classification Не е повреден заемане за дома 749955 Регионална библиотека "Любен Каравелов" Русе Регионална библиотека "Любен Каравелов" Русе Заемна - подръчен фонд 2019-11-26 Заемна - подръчен фонд 11.20 П 821.163.2.09(092)/Д 14 120000838123 5.73 Книги без рестрикции
Vip Innovations Ltd, Rousse, Bulgaria 2025